Historical Europeans #2 - Statistics

General Stats
  • This quiz has been taken 139 times
    138 since last reset
  • The average score is 11 of 15
Answer Stats
Picture Answer % Correct
Ludwig Van Beethoven
99%
Napoléon Bonaparte
99%
Albert Einstein
98%
Vincent Van Gogh
96%
Julius Caesar
93%
Grigori Rasputin
90%
Marie Curie
87%
Joan of Arc
85%
Karl Marx
85%
Leonardo da Vinci
77%
Fransisco Franco
59%
Leonidas
35%
Isabella I of Castile
34%
Cicero
15%
Ferdinand Magellan
7%
No matching quizzes found
Score Distribution
Percent of People with Each Score
Percentile by Number Answered
Your Score History
You have not taken this quiz since the last reset